| 000 | 00694nam a2200193Ia 4500 | ||
|---|---|---|---|
| 005 | 20250508160152.0 | ||
| 008 | 008 250505s9999 xx 000 0 eng d | ||
| 037 | _aBooks to be hide in OPAC | ||
| 040 |
_aFEDL _beng _cFEDL |
||
| 041 |
_aeng _2eng |
||
| 084 |
_a370.973, UNI/O _qFEDL |
||
| 100 | _aKandel I L | ||
| 245 | 0 | _aTraining of elementary-school teachers in mathematics : In the countries represented in the international commission on the teaching of mathematics | |
| 245 | 0 | _cUnited States bureau of Education | |
| 260 |
_aWashington, USA _bU.S. Government Printing Office _c1915 |
||
| 300 | _a54p. | ||
| 942 |
_cHB _h370.973, UNI/O |
||
| 999 |
_c1362383 _d1362383 |
||